Statistics for Hearts of Iron 4 DLC quiz

Click here to take the quiz!

General Stats

  • This quiz has been taken 16 times
  • The average score is 4 of 16

Answer Stats

Answer% Correct
Man the guns
80%
By blood alone
73%
Together for victory
67%
No step back
60%
Waking the tiger
53%
La rèsistance
47%
Battle for the bosporus
33%
Allied armor pack
0%
Allied speeches music pack
0%
Axis armor pack
0%
Death of dishonor
0%
Eastern front planes pack
0%
Eastern front radio pack
0%
Radio pack
0%
Sabaton soundtrack
0%
Sabaton soundtrack vol. 2
0%

Score Distribution

Percentile by Number Answered

Percent of People with Each Score

Your Score History

You have not taken this quiz